00739nam a2200241 a 4500001001300000003000900013005001700022008004100039020002400080082001700104100002000121245007800141260002600219300000900245500003500254505002400289650001200313700002000325902000800345942000700353952012000360999001700480nice12345678IN_TiNIC20260116013825.0050524s1992 leia grp 000 0 eng  a9004310 c196000a231.044bHAL aHall, Douglas C aTrinityb an Analysis of St.Thomas Aquinas` Expositio of the De Trinitate aLeiden bBrill c1992 a131p aincludes index and biblioraphy2 aIndex, Bibliography aTrinity1 aHall, Douglas C bSRS cBK 001040708StackRoom-aHMIbHMId2007-06-15g1960.00l0o231.044 HALp016784r2007-06-15v1960.00w2005-05-24yBK c12673d12673